| 000 | 00614nam a22002057a 4500 | ||
|---|---|---|---|
| 003 | OSt | ||
| 005 | 20160517143558.0 | ||
| 008 | 160517b xxu||||| |||| 00| 0 eng d | ||
| 020 | _a9780471684183 | ||
| 040 | _cDDC. | ||
| 082 | _a005.1 SOF 2005. | ||
| 100 |
_aEdited by Thayer,H.Richard;Dolfman,Merlin; _98845 |
||
| 245 |
_aSoftware Engineering. _bVolume 2:The Supportung Process. |
||
| 250 | _a3rd ed. | ||
| 260 |
_aNew Jersey. _bIEEE Computer Society. _c2005. |
||
| 300 |
_axvi,437p; _bill; _c28cm. |
||
| 504 | _aincludes Appendix and glossary. | ||
| 650 |
_aSoftware engeneering. _98846 |
||
| 942 |
_2ddc _cO_SHELF |
||
| 999 |
_c4077 _d4077 |
||